000 01325nam a2200253Ia 4500
003 OSt
005 20260105102908.0
008 241129s9999||||xx |||||||||||||| ||und||
020 _a9781032646282
040 _aRTL
_beng
_cRTL
041 _aeng
_2eng
084 _aY:3(S5).2, R4
_qRTL
100 _aMishra Veerendra
_9861655
245 0 _aTransgenders in India: an Introduction
260 _aNew York
_bRoutledge
_c2024
300 _axiv,134 p. : ill.
_bIncludes bibliographical references and index.
365 _aINR
_bRs.1295.00
520 _aThis introductory volume studies the challenges faced by the transgender community in India. It traces the history of the representation of the community in Hindu texts to understand the evolution of their status within Indian society. The book looks at various themes such as the concept of establishing identity through the processes of 'coming out' and 'transitioning' and analyses how race, ethnicity, sexual orientation, class, nation, religion, and ability have cross-influenced to shape the transgender experience and trans culture across and beyond the binary.
650 _aTransgender people-India
_9751938
650 _aTransphobia-people
_9751958
650 _aGender
_9861656
942 _cGB
_hY:3(S5).2, R4
_2CC
_n0
999 _c1225126
_d1225126